000 00915nam a2200253Ia 4500
003 OSt
005 20220923211945.0
006 a|||||r|||| 00| 0
007 ta
008 220922b |||||||| |||| 00| 0 hin d
024 _a75,323
037 _cTextual
040 _aARTS
_cARTS
_bhin
041 _2hin
_ahin
082 _aR66x7,1,3, 152L0
100 _aझा, नविकान्त
_9161775
245 0 _aखण्डन खण्ड खादम्
_b हर्ष प्रणीत
246 _aKhaṇḍan khaṇḍa khādam: harṣha praṇīta
260 _aवाराणसी
_b चौखम्बा संस्कृत सीरीज
_c1970
300 _a762पृ.
_ccm.
490 _aकाशी संस्कृत ग्रन्थमाला; 197
942 _hR66x7,1,3, 152L0
_cTEXL
_2CC
999 _c304903
_d304903